000 00553nam a22002177a 4500
003 UA-OsUOA
001 70742
007 ta
008 20100914b un ||||| |||| 00| 0 ukr d
100 _aГрабовський С.
090 _a32
_bГ75
942 _cSA
040 _aUA-OsUOA
_bukr
_cUA-OsUOA
_dUA-OsUOA
245 _aБлиск і злиденність багатопартійності по-українськи
300 _aС.5
955 _a0
041 _aukr
080 _a32
773 0 _w70741
650 7 _a32 Політика
_2UDC
999 _c357015
_d357015